| 000 | 00553nam a2200193 a 4500 | ||
|---|---|---|---|
| 005 | 20240823063723.0 | ||
| 008 | 991125s1977 mx 000 0 spa u | ||
| 035 | _aUPN01000015699 | ||
| 049 | _aF | ||
| 050 | 4 |
_aHD2736 _bH5.3 |
|
| 100 | 1 | _aHidalgo, Rosa María | |
| 245 | 1 | 0 |
_aDígalo con un cartel / _cRosa María Hidalgo ; colab. Silvia Ortiz y Georgina Romo. |
| 260 |
_aMéxico : _bARMO, _c1977. |
||
| 300 |
_a81 p. : _bil. |
||
| 650 | 4 |
_aCarteles _97712 |
|
| 700 | 1 |
_aOrtiz, Silvia, _ecolab. |
|
| 700 | 1 |
_aRomo, Georgina, _ecolab. |
|
| 905 | _aLibro | ||
| 999 |
_c15699 _d15699 |
||